logo

Bir Sreshtho Munshi Abdur Rouf Library
Jhenaidah Cadet College

Nuffield Physics guide to experiments 4 / (Record no. 8169)

MARC details
000 -LEADER
fixed length control field 00820nam a2200301 a 4500
001 - CONTROL NUMBER
JCCL Control Number 8169
003 - CONTROL NUMBER IDENTIFIER
JCCL marc code BD - JhCC
005 - DATE AND TIME OF LATEST TRANSACTION
control field 20190219134007.0
008 - FIXED-LENGTH DATA ELEMENTS--GENERAL INFORMATION
fixed length control field 881003s1987 enk 000 0 eng d
020 ## - INTERNATIONAL STANDARD BOOK NUMBER
International Standard Book Number 0330299425
035 ## - SYSTEM CONTROL NUMBER
system control number (BD-JhCC)8169
040 ## - CATALOGING SOURCE
Original cataloging agency BD-JhCC
Modifying agency BD-JhCC
041 ## - LANGUAGE CODE
Language code of Book eng
082 ## - DEWEY DECIMAL CLASSIFICATION NUMBER
Author mark and Year NEL 1987
Classification number 530
100 1# - MAIN ENTRY--PERSONAL NAME
Personal name Nelkon, Michael
245 10 - TITLE STATEMENT
Title Nuffield Physics guide to experiments 4 /
Statement of responsibility, etc M. Nelkon and M.V. Detheridge
260 ## - PUBLICATION, DISTRIBUTION, ETC. (IMPRINT)
Place of publication, distribution, etc Pan Books :
Name of publisher, distributor, etc London,
Date of publication, distribution, etc 1987
300 ## - PHYSICAL DESCRIPTION
Pagination 318 p. :
Other physical details ill. ;
Dimensions 25 cm
490 1# - SERIES STATEMENT
Series statement Pan study aids
500 ## - GENERAL NOTE
General note Cover title: GCSE physics
500 ## - GENERAL NOTE
General note A Pan original
650 #0 - SUBJECT ADDED ENTRY--TOPICAL TERM
Topical term or geographic name as entry element Physics
General subdivision Examinations, questions, etc.
700 1# - ADDED ENTRY--PERSONAL NAME
Personal name Detheridge, M. V.
740 0# -
Uncontrolled related/analytical title GCSE physics
830 #0 - SERIES ADDED ENTRY--UNIFORM TITLE
Uniform title Pan study aids
942 ## - ADDED ENTRY ELEMENTS (KOHA)
Source of classification or shelving scheme Dewey Decimal Classification
Koha item type Books
Koha issues (borrowed), all copies 1
Holdings
Source of classification or shelving scheme Damaged status Not for loan Home library Current library Shelving location Total Checkouts Full call number Barcode Date last seen Date checked out Copy number Koha item type volume number
Dewey Decimal Classification     JCC Rouf Library JCC Rouf Library General Stacks 1 530 NEL 1987 10604 03/21/2019 02/19/2019 C - 1 Books  
Dewey Decimal Classification     JCC Rouf Library JCC Rouf Library General Stacks   530 NEL 1987 11616 03/03/2018   C-2 Books V-3

JCC Library | Contacts | JCC Home

Last Update on 23 September 2017
Copyright @ 2017-2020 JCC Rouf Library
Rouf Library, Jhenidah Cadet College (JCC), Bangladesh